Scrambled Weather - Statistics

General Stats
  • This quiz has been taken 69 times
  • The average score is 8 of 10
Answer Stats
Letters Weather % Correct
anir Rain
100%
owsn Snow
98%
nsu Sun
98%
nwdi Wind
98%
ucldo Cloud
94%
glnhitngi Lightning
91%
raienhruc Hurricane
72%
elset Sleet
70%
rotsdhmtnreu Thunderstorm
55%
lmtosrahi Hailstorm
43%
No matching quizzes found
Score Distribution
Percent of People with Each Score
Percentile by Number Answered
Your Score History
You have not taken this quiz